Общественно-политическая мысль в Китае (конец ХIХ- начало ХХ в.)

التفاصيل البيبلوغرافية
مؤلف مشترك: Академия наук СССР (АН СССР) Институт востоковедения (ИВ)
مؤلفون آخرون: Делюсин Л. П. (редактор)
اللغة:الروسية
منشور في: Москва, Наука, 1988
الموضوعات:
التنسيق: MixedMaterials كتاب
KOHA link:https://koha.lib.tpu.ru/cgi-bin/koha/opac-detail.pl?biblionumber=264545

MARC

LEADER 00000nam0a2200000 4500
001 264545
005 20231101233836.0
035 |a (RuTPU)RU\TPU\book\287539 
090 |a 264545 
100 |a 20140620d1988 k y0rusy50 ca 
101 0 |a rus 
102 |a RU 
105 |a y z 001zy 
200 1 |a Общественно-политическая мысль в Китае (конец ХIХ- начало ХХ в.)  |f Академия наук СССР (АН СССР), Институт востоковедения (ИВ) ; под ред. Л. П. Делюсина 
210 |a Москва  |c Наука  |d 1988 
215 |a 243 с. 
320 |a Библиогр. в конце ст. 
606 1 |a Китайская философия  |2 stltpush  |3 (RuTPU)RU\TPU\subj\14445  |9 40828 
610 1 |a общественно-политическая мысль 
610 1 |a 19 век 
610 1 |a 20 век 
610 1 |a реформаторы 
610 1 |a народонаселение 
610 1 |a либерализм 
610 1 |a культурология 
686 |a Ю3(5Кит)  |2 rubbk 
702 1 |a Делюсин  |b Л. П.  |4 340 
712 0 2 |a Академия наук СССР (АН СССР)  |b Институт востоковедения (ИВ)  |c (Москва)  |2 stltpush  |3 (RuTPU)RU\TPU\col\11263 
801 1 |a RU  |b 63413507  |c 20140620 
801 2 |a RU  |b 63413507  |c 20150422  |g RCR 
942 |c BK